000 01643cam a22004574i 4500
003 PE-LiUPU
005 20250731173522.0
008 150616s r 000 0 d
035 _a(Sirsi) a8385
040 _aPE-LiUPU
_bspa
_cPE-LiUPU
_erda
049 _aPRUA
082 0 4 _a269.202
_bM12
_221
100 1 _aMckay, William J.,
_eautor.
245 1 0 _aMe, an evangelist? :
_bevery christian's guide to caring evangelism /
_cWilliam J. McKay.
264 1 _aSt. Louis, MO :
_bStephen Ministries,
_c1992.
300 _a231 páginas ;
_c21 cm.
336 _atext
_2rdacontent
337 _aunmediated
_2rdamedia
338 _avolume
_2rdacarrier
504 _aBibliografía al pie de algunas páginas.
505 0 _aTaking the fear out of evangelism.- Evangelizing the evangelists.- Growing in God.- Uncovering God-Sized needs.- Five ways to describe sin.- Eight ways to talk about Jesus.
526 _aSEG42
526 _aSEG41
526 _aSEG40
526 _aSEG39
526 _aP94
526 _aP87
526 _aP86
526 _aP85
526 _aP77
526 _aP76
526 _aP35
650 0 4 _aEvangelismo.
_9953
910 _ajck
_bjvq
_cjck
942 _2ddc
_cBOOK
949 _a269.202 M12
_wDEWEY
_c1
_i41984
_lCCODEBUL1
_mBUL
_p00.00
_r0
_sY
_tBOOK
_u19961122
_xTEOLOGIA
_zUNKNOWN
_0COMPRA
_o.STAFF. Colección General
994 _aC0
_bPEPRU
596 _a1
999 _a269.202 M12
_wDEWEY
_c59731
_i41984
_f2021-11-10
_g5
_lCCODEBUL1
_mBUL
_r0
_sY
_tBOOK
_u2015-6-16
_xTEOLOGIA
_zUNKNOWN
_0COMPRA
_o.STAFF. Colección General
_d59731
980 _81
_gALBERTO SANCHEZ Responsable de Automatización